[Event "9th Asian Continental w"]
[Site "Olongapo City PHI"]
[Date "2010.04.29"]
[Round "9"]
[White "Ju Wenjun"]
[Black "Lkhamsuren,U"]
[Result "1/2-1/2"]
[WhiteElo "2500"]
[BlackElo "2115"]
[EventDate "2010.04.21"]

1. d4 e6 2. c4 d5 3. Nf3 Nf6 4. g3 Be7 5. Bg2 O-O 6. O-O dxc4 7. Ne5 Nc6 8.
Nxc6 bxc6 9. Na3 Bxa3 10. bxa3 Rb8 11. Qa4 Qxd4 12. Be3 Qb2 13. Qxc4 Nd5
14. Bxa7 Ra8 15. Bc5 Ba6 16. Qe4 Rfe8 17. Rfe1 Bb5 18. e3 Ra4 19. Qf3 Rc4
20. Rab1 Qc2 21. Bd4 Nc3 22. Bxc3 Rxc3 23. Qf4 Rxa3 24. Rbc1 Qb2 25. Rb1
Qc2 26. Rbc1 Qb2 27. Rb1 Qc2 1/2-1/2

[Event "9th Asian Continental w"]
[Site "Olongapo City PHI"]
[Date "2010.04.29"]
[Round "9"]
[White "Kiran,M"]
[Black "Nguyen Thi Thanh An"]
[Result "0-1"]
[WhiteElo "2259"]
[BlackElo "2309"]
[EventDate "2010.04.21"]

1. e4 Nf6 2. e5 Nd5 3. d4 d6 4. c4 Nb6 5. exd6 exd6 6. Nc3 Be7 7. h3 O-O 8.
Nf3 Re8 9. Be2 Nc6 10. O-O Bf6 11. Be3 d5 12. c5 Nc4 13. Bc1 Bf5 14. b3
N4a5 15. Be3 Ne7 16. g4 Be6 17. g5 Bxh3 18. gxf6 Nf5 19. Bg5 gxf6 20. Bf4
Kh8 21. Kh2 Bxf1 22. Qxf1 Nc6 23. Rd1 Ng7 24. Qh3 Qc8 25. Qh4 Qf5 26. Bd3
Re4 27. Bxe4 dxe4 28. Ng1 Rg8 29. Nge2 Ne6 30. Qh3 Rg4 31. Rg1 Rxf4 32.
Qxf5 Rxf5 33. d5 Ne5 34. dxe6 Nf3+ 35. Kg2 Nxg1 36. e7 Re5 37. Kxg1 Rxe7
38. b4 f5 39. Kg2 Rd7 40. a4 c6 41. b5 Rd3 42. bxc6 bxc6 43. Nb5 cxb5 44.
c6 Rd5 0-1

[Event "9th Asian Continental w"]
[Site "Olongapo City PHI"]
[Date "2010.04.29"]
[Round "9"]
[White "Meenakshi,Sub"]
[Black "Sukandar,I"]
[Result "0-1"]
[WhiteElo "2348"]
[BlackElo "2316"]
[EventDate "2010.04.21"]

1. b3 e5 2. Bb2 Nc6 3. g3 d5 4. Bg2 Nf6 5. d3 Bc5 6. e3 Qe7 7. Ne2 h5 8. c4
Be6 9. a3 a5 10. Nbc3 Rd8 11. Qc2 d4 12. exd4 Nxd4 13. Nxd4 Bxd4 14. O-O-O
c6 15. Rhe1 O-O 16. Ne4 Nxe4 17. Bxe4 Qc5 18. Kb1 b5 19. f4 exf4 20. gxf4
Bg4 21. Rd2 Bxb2 22. Kxb2 Qd6 23. Rf1 a4 24. c5 Qf6+ 25. Qc3 Rd4 26. Bxc6
Rc8 27. Bxb5 axb3 28. c6 Bd7 29. Rc1 Qxf4 30. Re2 Bg4 31. Rg2 Bh3 32. Re2
Bg4 33. Re7 Qxh2+ 34. Kxb3 Qd6 35. Qc5 Be6+ 36. Kb2 Qf4 37. c7 Rd5 38. Qb4
Qxb4+ 39. axb4 Rxb5 40. Rc6 Kf8 41. Rcxe6 fxe6 42. Rd7 Rd5 0-1

[Event "9th Asian Continental w"]
[Site "Olongapo City PHI"]
[Date "2010.04.29"]
[Round "9"]
[White "Muminova,N"]
[Black "Xu Huahua"]
[Result "1-0"]
[WhiteElo "2338"]
[BlackElo "2082"]
[EventDate "2010.04.21"]

1. e4 c5 2. Nf3 e6 3. d4 cxd4 4. Nxd4 Nc6 5. Nb3 Nf6 6. Bd3 Qc7 7. Nc3 a6
8. O-O Be7 9. f4 d6 10. Be3 b5 11. a3 O-O 12. Qf3 Bb7 13. Qh3 e5 14. Nd5
Qc8 15. Qf3 Bd8 16. f5 Re8 17. Rad1 Nb8 18. Nxf6+ Bxf6 19. Na5 Nd7 20. c3
Bd8 21. Nxb7 Qxb7 22. Bc2 Qc6 23. Kh1 Nb6 24. Bc1 Be7 25. Rd3 Nd7 26. Bb3
Nf6 27. Re1 Rad8 28. g4 d5 29. Bxd5 Nxd5 30. exd5 Qc7 31. Qe4 f6 32. Be3
Qc4 33. Bb6 Rd6 34. Ba5 Qxe4+ 35. Rxe4 Rd7 36. Re1 Bd6 37. Kg2 Rc8 38. Kf3
Rc4 39. Re4 Rc8 40. h3 Kf7 41. Rd1 Be7 42. Re2 Bd6 43. Bb6 Bc5 44. Ba5 Bd6
45. Bb4 Bb8 46. a4 Bd6 47. Re4 Rcd8 48. Ba5 Rb8 49. b3 bxa4 50. bxa4 Bc7
51. Rb4 Rxb4 52. Bxb4 Bb6 53. a5 Ba7 54. Ke4 Ke8 55. Rd2 Rd8 56. h4 h6 57.
g5 fxg5 58. hxg5 hxg5 59. Rg2 Kf7 60. Rxg5 Bb8 61. Rg6 Rh8 62. d6 Rh6 63.
Rxh6 gxh6 64. Kxe5 h5 65. c4 h4 66. Bc5 h3 67. Bg1 Ba7 68. Bh2 Bc5 69. Kd5
Bb4 70. c5 Bxa5 71. c6 Ke8 72. Ke6 1-0

[Event "9th Asian Continental w"]
[Site "Olongapo City PHI"]
[Date "2010.04.29"]
[Round "9"]
[White "Salvador,A"]
[Black "Hoang Thi Nhu Y"]
[Result "0-1"]
[WhiteElo "2058"]
[BlackElo "2200"]
[EventDate "2010.04.21"]

1. e4 c6 2. c4 g6 3. Nc3 Bg7 4. f4 c5 5. Nf3 Nc6 6. Be2 d6 7. O-O Nh6 8.
Qe1 e6 9. Qg3 O-O 10. d3 f5 11. Ng5 Nd4 12. Bd1 a6 13. a4 Bd7 14. h4 b5 15.
h5 bxc4 16. hxg6 hxg6 17. dxc4 Rb8 18. Ra2 Rb4 19. Re1 Qb8 20. Qd3 Re8 21.
Nf3 Ng4 22. Nh4 Qd8 23. Nxg6 Qf6 24. exf5 exf5 25. Rxe8+ Bxe8 26. Nd5 Qe6
27. Nge7+ Kf8 28. Nxb4 Qe1+ 29. Qf1 Ne2+ 30. Bxe2 Bd4+ 0-1

[Event "9th Asian Continental w"]
[Site "Olongapo City PHI"]
[Date "2010.04.29"]
[Round "9"]
[White "Wang Jue"]
[Black "Hakimifard,G"]
[Result "1-0"]
[WhiteElo "2180"]
[BlackElo "2151"]
[EventDate "2010.04.21"]

1. e4 c5 2. Nf3 e6 3. d4 cxd4 4. Nxd4 a6 5. Bd3 Bc5 6. Nb3 Ba7 7. Qe2 Nc6
8. Be3 d6 9. c4 Nge7 10. Nc3 e5 11. Bxa7 Rxa7 12. Qe3 b6 13. Rd1 O-O 14.
O-O Be6 15. Rd2 Ng6 16. Rfd1 Qb8 17. Be2 Rd7 18. g3 Nge7 19. Na4 Nc8 20. h4
Rc7 21. h5 h6 22. Nc3 N6e7 23. Nd5 Ra7 24. Nf6+ Kh8 25. g4 Ng8 26. Nd5 Qb7
27. f4 Bxd5 28. exd5 Re8 29. Nd4 Qd7 30. Nc6 exf4 31. Qxf4 Rc7 32. Bd3 Nce7
33. Nd4 Nf6 34. Rg2 Neg8 35. Nf5 Re5 36. Re2 Rxe2 37. Bxe2 Qe8 38. Bf3 Re7
39. Nxd6 Qd7 40. Nf5 Re8 41. g5 Nh7 42. gxh6 Nxh6 43. Ng3 f6 44. d6 Ng5 45.
Bg2 Ng4 46. Qf5 Re6 47. Nf1 Ne5 48. b3 Rxd6 49. Qxd7 Rxd7 50. Rxd7 Nxd7 51.
Ne3 Nf7 52. Nd5 Kh7 53. Be4+ Kh6 54. Bg6 Nd6 55. Bd3 Kxh5 56. Nxb6 Nb8 57.
b4 g5 58. c5 Ne8 59. Nd5 g4 60. a4 Kg5 61. b5 axb5 62. Bxb5 Ng7 63. c6 Nxc6
64. Bxc6 Ne6 65. a5 Nc5 66. Kf2 f5 67. Ke3 g3 68. Kf3 Kh4 69. Ne3 Kg5 70.
Ng2 Nb3 71. Bd5 Nxa5 72. Ke3 Kg4 73. Nf4 Kg5 74. Ng2 Kg4 75. Ne1 f4+ 76.
Ke4 Kg5 77. Ke5 Kg4 78. Be6+ Kh5 79. Bd5 Kg4 80. Kd4 f3 81. Bxf3+ Kh3 82.
Bd5 Kh2 83. Kc3 Kg1 84. Ng2 Kf2 85. Kb4 Ke2 86. Kxa5 Kd3 87. Bf3 Kd4 88.
Kb4 Ke5 89. Kc5 Ke6 90. Kd4 Kd6 91. Ke4 Kc5 92. Kf4 Kd4 93. Kxg3 Ke5 94.
Kg4 Kd4 95. Kf4 Kc4 96. Ke4 Kc5 97. Nf4 Kc4 98. Nd5 Kc5 99. Ke5 Kc4 100.
Be4 Kc5 101. Ne3 Kb4 102. Kd4 Kb5 103. Nc2 Kb6 104. Nb4 Kb5 105. Nc6 Kb6
106. Kd5 Kc7 107. Ne5 Kb6 108. Bd3 Kc7 109. Bb5 Kb6 110. Bc6 Kc7 111. Kc5
Kd8 112. Kd6 Kc8 113. Nd7 Kd8 114. Nc5 Kc8 115. Bd7+ Kb8 116. Kc6 Ka7 117.
Kc7 1-0

[Event "9th Asian Continental w"]
[Site "Olongapo City PHI"]
[Date "2010.04.29"]
[Round "9"]
[White "Mendoza,B"]
[Black "Bernales,C"]
[Result "0-1"]
[WhiteElo "2078"]
[BlackElo "2043"]
[EventDate "2010.04.21"]

1. e4 e6 2. d4 d5 3. e5 c5 4. c3 Nc6 5. Nf3 Qb6 6. Be2 Nge7 7. Na3 cxd4 8.
cxd4 Nf5 9. Nc2 Bb4+ 10. Nxb4 Qxb4+ 11. Bd2 Qxb2 12. Rb1 Qa3 13. Bb5 a5 14.
Bxc6+ bxc6 15. Qc2 O-O 16. O-O Ba6 17. Rfc1 Bc4 18. Bc3 Rfb8 19. Nd2 Bb5
20. Rb3 Qf8 21. a4 Ba6 22. g4 Nh4 23. Bxa5 Rxb3 24. Qxb3 Bc4 25. Qc3 Qe7
26. h3 Qg5 27. Bb4 Rxa4 28. Ra1 Qxd2 29. Rxa4 Qd1+ 30. Kh2 Qxa4 31. Be7 Ng6
32. Bb4 h6 33. Qb2 Qb3 34. Qd2 Qf3 35. Qe3 Qxe3 36. fxe3 Nf8 37. Kg3 Nd7
38. Bd6 Bf1 39. h4 Nb6 40. Bc5 Nc4 41. Kf4 Kh7 42. e4 Nd2 43. exd5 cxd5 44.
Ke3 Ne4 45. Ba7 Kg6 46. Kf4 h5 47. g5 Be2 48. Bb6 Bg4 49. Bd8 Nd2 50. Bb6
Nf3 51. Kg3 Kf5 52. Ba7 Ke4 0-1

[Event "9th Asian Continental w"]
[Site "Olongapo City PHI"]
[Date "2010.04.29"]
[Round "9"]
[White "Dewi,A"]
[Black "Suede,M"]
[Result "1-0"]
[WhiteElo "1945"]
[BlackElo "1949"]
[EventDate "2010.04.21"]

1. e4 e6 2. d4 d5 3. Nd2 Nf6 4. e5 Nfd7 5. c3 c5 6. Bd3 Nc6 7. Ne2 cxd4 8.
cxd4 f6 9. exf6 Nxf6 10. Nf3 Bd6 11. O-O O-O 12. Bf4 Bxf4 13. Nxf4 Qd6 14.
Ne2 e5 15. dxe5 Nxe5 16. Nxe5 Qxe5 17. Qb3 b6 18. Ng3 Bb7 19. Rad1 Qc7 20.
Qb4 Rae8 21. Qh4 Re7 22. Bxh7+ Kf7 23. Bd3 Bc8 24. Qg5 Rh8 25. Rc1 Qd8 26.
Rxc8 Qxc8 27. Nf5 Qf8 28. Nxe7 Qxe7 29. Bg6+ Kf8 30. Rc1 Qe6 31. Qf4 Rh6
32. Bf5 Qe2 33. Qd6+ Kf7 34. Rc7+ Kg8 35. Rc8+ Ne8 36. Qxd5+ Kf8 37. g3 Rf6
38. Qe4 Qb5 39. Bg6 Rxg6 40. Qxg6 Qd7 41. Qxe8+ 1-0

[Event "9th Asian Continental w"]
[Site "Olongapo City PHI"]
[Date "2010.04.29"]
[Round "9"]
[White "Pham Le Thao Nguyen"]
[Black "Al Zarouni,K"]
[Result "1-0"]
[WhiteElo "2338"]
[BlackElo "1868"]
[EventDate "2010.04.21"]

1. Nf3 d5 2. c4 c6 3. e3 Nf6 4. Nc3 Bf5 5. cxd5 cxd5 6. Qb3 Bc8 7. d4 e6 8.
Bd3 Be7 9. O-O O-O 10. Ne5 Nbd7 11. f4 Qb6 12. Qd1 Re8 13. Rb1 Nf8 14. Bd2
N6d7 15. Qh5 g6 16. Qh3 f6 17. Ng4 f5 18. Ne5 Nxe5 19. fxe5 Bb4 20. g4 Re7
21. Be1 Rf7 22. Qg2 Rg7 23. Bh4 g5 24. Bf2 fxg4 25. Qxg4 Qd8 26. Ne2 Bd7
27. Ng3 Be8 28. e4 Bg6 29. Rbd1 Be7 30. Be3 h6 31. Rxf8+ Bxf8 32. Qxe6+ Bf7
33. Qxh6 Rg6 34. Qh3 Be6 35. Qg2 Rc8 36. Qe2 Rg7 37. Nh5 Rgc7 38. Nf6+ Kg7
39. Qh5 Bb4 40. exd5 Bxd5 41. Bxg5 Bg8 42. Qh6+ Kf7 43. Qg6+ Ke6 44. Bf5+
1-0